000 00997nam a22002897a 4500
001 BR2012004794
003 BR-BrBNA
005 20230928104018.0
007 ta
008 230509b bl.||||| |||| 00| 0 por d
040 _aBR-BrBNA
_bpor
_cBiblioteca Nacional de Agricultura
041 _a(Por)
072 _aP33; P30
090 _ P33 BR2012004794
100 1 _aSantos, W.J.R. dos
110 1 _aUniversidade Federal de Lavras, MG (Brasil)
_0Tese (Mestrado)
245 1 _aFunções de pedotransferência para solos do Rio Grande do Sul; mapeamento de solos e caracterização morfométrica de microbacia hidrográfica piloto nos Tabuleiros Costeiros do Espírito Santo
260 3 _aLavras, MG (Brasil):
_c2012.
300 _a117 p.
500 _aSummaries (Eng, Por); Several bibliography; 26 tables; 18 illus.
650 _aMICROBACIA
650 _aRETENÇÃO DE ÁGUA NO SOLO
650 _aMAPA
650 _aPEDOLOGIA
909 _a202309
_bLucia
_c55
_dLucia Elande
942 _cBK
999 _c77686
_d77686